|
|
|
|
| LEADER |
00935cas a2200277 4500 |
| 001 |
00020920 |
| 008 |
101019s1978 bg w 000 0 eng d |
| 040 |
|
|
|a BD-DhAAL
|c BD-DhAAL
|d BD-DhAAL
|
| 082 |
0 |
0 |
|a 348.5492/046
|2 21
|
| 999 |
|
|
|c 9963
|d 9963
|
| 999 |
|
|
|c 9963
|
| 130 |
0 |
|
|a DLR
|9 3889
|
| 222 |
|
0 |
|a The Dhaka Law Reports
|
| 245 |
0 |
4 |
|a The Dhaka law reports, volume no. 3
|
| 246 |
1 |
7 |
|a The Dhaka Law Reports.
|
| 260 |
|
|
|a Dhaka :
|b Dhaka Law Reports,
|c 1978
|
| 362 |
0 |
|
|a Vol.XXX,1978
|
| 500 |
|
|
|a Table of cases of the Appellate Devision of the Supreme Court of Bangladesh.
|
| 500 |
|
|
|a "A journal of law reports."
|
| 500 |
|
|
|a Latest issue consulted: Vol.XXX,January to December,1978
|
| 541 |
|
|
|e 00020920
|
| 590 |
|
|
|a Published yearly.
|
| 650 |
|
0 |
|a Law reports, digests, etc.
|z Bangladesh.
|9 3890
|
| 650 |
|
0 |
|a Law reports, digests, etc.
|z India
|z Bengal.
|9 3891
|
| 852 |
4 |
|
|a Ayesha Abed Library
|j General shelf
|
| 942 |
|
|
|2 ddc
|c 1HOUR
|